Antes que el diablo sepa que has muerto = Before the Devil Knows You're Dead /
Dos hermanos con aires de ejecutivos, pero con necesidades económicas debido la ambición de ambos, uno casado e irresponsable y el otro cocainómano, planean un robo a la joyería de sus padres con el que obtendrían más de medio millón de dólares. Lo que al principio sería un robo fácil por tratarse d...
Збережено в:
| Автор: | |
|---|---|
| Інші автори: | , , , , , , , |
| Формат: | |
| Мова: | Англійська |
| Опубліковано: |
México :
Televisión Azteca [distribución],
2007, c2007
|
| Предмети: | |
| Теги: |
Немає тегів, Будьте першим, хто поставить тег для цього запису!
|
MARC
| LEADER | 00000ngm^a2200000^a^4500 | ||
|---|---|---|---|
| 001 | 000411602 | ||
| 005 | 20250521000000.0 | ||
| 009 | 20260310122117.129 | ||
| 037 | |a Acervo ITESO - Biblioteca | ||
| 041 | |a ING | ||
| 082 | |a 810. |b LUM | ||
| 100 | |a Lumet, Sidney |e (realización) | ||
| 240 | 1 | 1 | |a [Antes que el diablo sepa que has muerto] |
| 245 | 1 | 0 | |a Antes que el diablo sepa que has muerto = |b Before the Devil Knows You're Dead / |c Realización de S. Lumet. |
| 264 | 2 | |a Los Angeles, EUA : |b Capitol Films, |c 2007, c2007 | |
| 264 | 4 | |a México : |b Televisión Azteca [distribución], |c 2007, c2007 | |
| 300 | |a 1 DVD sin dato de región |c (117 min.) | ||
| 336 | |a imagen móvil bidimensional |b tdi |2 rdacontenido | ||
| 337 | |a video |b v |2 rdamedio | ||
| 338 | |a videodisco |b vd |2 rdasoporte | ||
| 520 | |a Dos hermanos con aires de ejecutivos, pero con necesidades económicas debido la ambición de ambos, uno casado e irresponsable y el otro cocainómano, planean un robo a la joyería de sus padres con el que obtendrían más de medio millón de dólares. Lo que al principio sería un robo fácil por tratarse de un lugar conocido, se complicará cuando la madre de ellos defenderá su patrimonio aún a costa de su seguridad, acarreando con ello consecuencias fatales para los involucrados. El largometraje número 45 y último dirigido por el veterano cineasta neoyorkino Sidney Lumet (1924-2011), quien concluyó su filmografía con este memorable título. | ||
| 520 | |a Suplementos y características especiales: ninguna. | ||
| 546 | |a En inglés, con subtítulos opcionales: español | ||
| 546 | |a Doblaje opcional: español | ||
| 649 | |a XX | ||
| 650 | |a Familia Disfuncional en el Cine | ||
| 650 | |a Familia en el Cine | ||
| 650 | |a Tragedia | ||
| 650 | |a Películas Policíacas | ||
| 650 | |a Películas de Suspenso y Terror | ||
| 650 | |a Melodramas | ||
| 650 | |a Dramas Cinematográficos | ||
| 650 | |a Películas Policíacas | ||
| 650 | |a Cine Independiente - |z EUA | ||
| 650 | |a Cine Norteamericano - |y 2000-2009 | ||
| 650 | |a Cine Norteamericano - |y Siglo XXI | ||
| 650 | |a Robo | ||
| 650 | |a Extorsión | ||
| 650 | |a Parricidio | ||
| 650 | |a Filicidio | ||
| 650 | |a Asesinato | ||
| 650 | |a Infidelidad | ||
| 650 | |a Avaricia y Ambición | ||
| 650 | |a Traición | ||
| 650 | |a Venganza | ||
| 650 | |a Culpa - |x Tema Principal | ||
| 650 | |a Relaciones Familiares | ||
| 650 | |a Conflicto (Relaciones Personales) | ||
| 650 | |a Nueva York, EUA en el Cine | ||
| 700 | |a Masterson, Kelly |e (guión) | ||
| 700 | |a Fortunato, Ron |e (fotógrafo) | ||
| 700 | |a Nigro, Tina |e (vestuario) | ||
| 700 | |a Swartwout, Tom |e (montaje) | ||
| 700 | |a Burwell, Carter |e (música) | ||
| 700 | |a Hoffman, Philip Seymour |e (actuación) | ||
| 700 | |a Hawke, Ethan |e (actuación) | ||
| 700 | |a Tomei, Marisa |e (actuación) | ||
| 910 | |a Fondo General | ||
| 920 | |a Audiovisuales - DVDs | ||
| 940 | |a Películas | ||
| 905 | |a 302 | ||
| 901 | |a 0500319321 |b IT2 |c DVS |i D101231 |u 20250521 | ||
| 902 | |a https://opac.biblio.iteso.mx/vufind/Record/000411602 | ||